000 00441nam a2200193Ia 4500
008 170918s9999 xx 000 0 und d
020 _a9780439761123
050 _bG174 2005
100 _aGalloway, Ruth
245 _aClumsy crab /
245 _cRuth Galloway.
260 _aNew York :
260 _bScholastic,
260 _c2005
300 _aunpaged :
300 _bcolored illustration ;
300 _c23cm.
500 _a680
999 _c342410
_d342410